| Поле | Название | Значение |
| |
Тип записи |
a |
| |
Библиографический уровень |
m |
| 001 |
Контрольный номер |
RU/ГПНТБ России/KNIGADB/46.74/Ж 59-193784504 |
| 005 |
Дата корректировки |
20231127112226.7 |
| 010 |
Индекс ISBN |
__ |
| a |
ISBN |
978-5-04-111106-9 |
| b |
Уточнения |
в пер. |
| 9 |
Тираж |
3000 экз. |
| d |
Цена |
588-50 |
| 100 |
Данные общей обработки |
__ |
| a |
Данные общей обработки |
20230125d2022 ma y0rusy028902 ca |
| 101 |
Язык документа |
0_ |
| a |
Язык текста |
rus |
| 102 |
Страна публикации |
__ |
| a |
Страна публикации |
RU |
| 105 |
Кодированные данные (монография) |
__ |
| a |
Кодированные данные (монография) |
a z 000yy |
| 181 |
Поле кодированных данных: вид содержания |
_0 |
| a |
Код вида содержания (ISBD) |
i |
| 182 |
Поле кодированных данных: тип средства |
_0 |
| a |
Код типа средства (ISBD) |
n |
| 200 |
Заглавие и сведения об ответственности |
1_ |
| a |
Заглавие |
Котологика |
| f |
Первые сведения об ответственности |
Марина Жеребилова |
| g |
Последующие сведения об ответственности |
иллюстрации Анжелики Еньшиной |
| e |
Сведения, относящиеся к заглавию |
о чем молчит кошка |
| 203 |
Вид содержания и тип средства |
__ |
| a |
Вид содержания |
Текст |
| c |
Тип средства |
непосредственный |
| 210 |
Выходные данные |
1_ |
| a |
Место издания |
Москва |
| c |
Издательство |
Эксмо |
| d |
Дата издания |
2022 |
| 215 |
Физическое описание |
__ |
| a |
Объем |
414, [1] с. |
| c |
Иллюстрации/тип воспроизводства |
ил. |
| d |
Формат |
21 см |
| 330 |
Аннотация |
__ |
| a |
Аннотация |
Книга Марины Жеребиловой, профессионального зоопсихолога и фелинолог о том, как сделать счастливой не только жизнь вашего кота, но и вашу жизнь с ним. Книга для любителей животных, хозяев кошек или тех, кто планирует завести кота. Это не только полезная прикладная инструкция по воспитанию с конкретными решениями и советами от профессионального зоопсихолога, примерами и кейсами. Это незаменимая книга для тех, кому важно здоровье и счастье своего кота. О том, как: выбрать правильное питание и настроить аппетит кошки, справиться с нечистоплотностью кота или его желанием драть когтями мебель, избежать ментальных проблем или агрессии кошки, бороться с кошачьей аллергией и многом другом. |
| 540 |
Дополнительное заглавие, сделанное каталогизатором |
10 |
| a |
Дополнительное заглавие, сделанное каталогизатором |
О чем молчит кошка |
| 606 |
Тематические рубрики |
__ |
| a |
Основная рубрика |
Сельское хозяйство |
| 2 |
Код системы |
nlr_sh |
| 606 |
Тематические рубрики |
__ |
| 2 |
Код системы |
nlr_sh |
| a |
Основная рубрика |
Кошки |
| 610 |
Ключевые слова |
0_ |
| a |
Ключевые слова |
кошки |
| 610 |
Ключевые слова |
0_ |
| a |
Ключевые слова |
коты |
| 610 |
Ключевые слова |
0_ |
| a |
Ключевые слова |
домашние кошки |
| 610 |
Ключевые слова |
0_ |
| a |
Ключевые слова |
воспитание кошек |
| 610 |
Ключевые слова |
0_ |
| a |
Ключевые слова |
уход за кошками |
| 610 |
Ключевые слова |
0_ |
| a |
Ключевые слова |
психология кошек |
| 610 |
Ключевые слова |
0_ |
| a |
Ключевые слова |
домашние животные |
| 610 |
Ключевые слова |
0_ |
| a |
Ключевые слова |
содержание кошек |
| 610 |
Ключевые слова |
0_ |
| a |
Ключевые слова |
зоопсихология |
| 610 |
Ключевые слова |
0_ |
| a |
Ключевые слова |
питание кошек |
| 610 |
Ключевые слова |
0_ |
| a |
Ключевые слова |
поведение кошек |
| 686 |
Индексы других классификаций |
__ |
| 2 |
Код системы |
rubbks |
| a |
Классификационный индекс |
46.74 |
| 700 |
Автор |
_1 |
| a |
Фамилия |
Жеребилова |
| b |
Имя |
М. Е. |
| g |
Полное личное имя |
Марина Евгеньевна |
| 4 |
Код отношения |
070 |
| 702 |
Вторичная интеллектуальная ответственность |
_1 |
| a |
Фамилия |
Еньшина |
| b |
Имя |
А. |
| g |
Полное личное имя |
Анжелика |
| 4 |
Код отношения |
440 |
| 801 |
Источник записи |
_0 |
| b |
Организация |
ГПНТБ России |
| a |
Страна |
RU |
| c |
Дата составления |
20230125 |
| g |
Правила каталогизации |
PSBO |
| 801 |
Источник записи |
_1 |
| b |
Организация |
ГПНТБ России |
| a |
Страна |
RU |
| c |
Дата составления |
20230125 |
| g |
Правила каталогизации |
PSBO |
| 852 |
Данные о местонахождении |
5_ |
| j |
Шифр хранения |
46.74 |
| i |
Авторский знак |
Ж 59 |
| 900 |
Макрообъекты |
__ |
| a |
Макрообъекты |
Котологика. О чем молчит кошка. М. Жеребилова, 2022 |
| 901 |
Тип документа |
__ |
| a |
Ответственный |
КиК/Обаева |
| t |
Тип документа |
m |
| 903 |
Характеристики (МАРС) |
__ |
| a |
Дата передачи |
20230127 |
| c |
Наименование библиотеки (МАРС) |
Муниципальное бюджетное учреждение культуры "Централизованная библиотечная система" г. Сургут (Центральная городская библиотека им. А. С. Пушкина) |
| 990 |
Данные о заказе (DOS) |
__ |
| j |
Количество экземпляров (DOS) |
5 |
| t |
N записи в КСУ для И/У (DOS) |
202302 |